00685 2200241 4500001002100000008004100021035002000062245005200082100001800134260004400152300001200196020002200208084001400230082000800244650004600252990001900298990002100317990002100338990002100359990002100380990002100401990002100422INLIS000000000001125 ind  a0010-0724001125 aAyo Kita Belajar Bertanam PalawijacAditya P.H. aH., Aditya P. aJakarta TimurbAdfale Prima Ciptac2008 a48 hlm. a978-602-8063-02-9 a633 ADI a a633 aTanaman Persawahan dan Tanaman Perkebunan aP29/CP/24/1125 aP29/CP/24/1125.1 aP29/CP/24/1125.2 aP29/CP/24/1125.3 aP29/CP/24/1125.4 aP29/CP/24/1125.5 aP29/CP/24/1125.6